Normal view
MARC view
- Sania Arif-sup-Dr. Hassnain Ahmed Janjua
Entry Personal Name
001 - CONTROL NUMBER
- control field: 28845
003 - CONTROL NUMBER IDENTIFIER
- control field: NUST
005 - DATE AND TIME OF LATEST TRANSACTION
- control field: 20200308163750.0
008 - FIXED-LENGTH DATA ELEMENTS
- fixed length control field: 200308|| aca||aabn | a|a d
040 ## - CATALOGING SOURCE
- Original cataloging agency: NUST
- Transcribing agency: NUST
100 ## - HEADING--PERSONAL NAME
- Personal name: Sania Arif-sup-Dr. Hassnain Ahmed Janjua
670 ## - SOURCE DATA FOUND
- Source citation: Work cat.: (NUST)479995: Sania Arif-sup-Dr. Hassnain Ahmed Janjua, Th-mphil-Violacein capped silver Nanoparticles: Synthesis characterization and Antibacterial, Antifungal, Antialgal, Anticancer & Cytotoxic Properties
